000 00735pam a2200229 a 4500
001 4964237
005 20180221070318.0
008 971104s1998 nhu b 000 0 eng
010 _a 97039392
020 _a0867094478
040 _aDLC
_cDLC
_dDLC
041 _aeng
080 _a808..042 DON
082 0 0 _a808..042 DON
_221
100 1 _a49
101 _aEDU
245 1 0 _aSentence composing for college :
_cDon Killgallon.
504 _aIncludes bibliographical references (p. 157-159).
906 _a7
_bcbc
_corignew
_d1
_eocip
_f19
_gy-gencatlg
942 _2ddc
_cBK
999 _c43040
_d43040